[Event "Ekstraliga 2019"]
[Site "Katowice"]
[Date "2019.08.30"]
[Round "3.19"]
[White "Kuzmicz, Krystian"]
[Black "Bartel, Mateusz"]
[Result "0-1"]
[BlackElo "2612"]
[WhiteElo "2461"]
[WhiteTeam "Bialy Krol Wisznia Mala"]
[BlackTeam "VOTUM SA Polonia Wroclaw"]
[LiveChessVersion "1.4.8"]

1. Nf3 {[%clk 1:30:56]} d5 {[%clk 1:30:46]} 2. e3 {[%clk 1:31:09]} Nf6
{[%clk 1:27:04]} 3. c4 {[%clk 1:30:09]} g6 {[%clk 1:25:16]} 4. b3
{[%clk 1:28:32]} Bg7 {[%clk 1:24:25]} 5. Bb2 {[%clk 1:28:57]} c6 {[%clk 1:24:35]}
6. Nc3 {[%clk 1:26:11]} O-O {[%clk 1:24:52]} 7. Be2 {[%clk 1:26:15]} a6
{[%clk 1:23:39]} 8. O-O {[%clk 1:24:07]} Bg4 {[%clk 1:17:24]} 9. d4
{[%clk 1:15:21]} Nbd7 {[%clk 1:16:43]} 10. h3 {[%clk 1:10:26]} Bxf3
{[%clk 1:17:06]} 11. Bxf3 {[%clk 1:10:53]} e6 {[%clk 1:17:28]} 12. Qe2
{[%clk 1:05:13]} Re8 {[%clk 1:16:59]} 13. Rfd1 {[%clk 1:01:37]} h5
{[%clk 1:13:26]} 14. Rac1 {[%clk 0:56:42]} Qe7 {[%clk 1:11:24]} 15. e4
{[%clk 0:53:39]} dxe4 {[%clk 1:09:50]} 16. Nxe4 {[%clk 0:49:26]} Nxe4
{[%clk 1:09:57]} 17. Bxe4 {[%clk 0:49:44]} Rad8 {[%clk 1:07:49]} 18. Bb1
{[%clk 0:38:43]} Nb6 {[%clk 1:00:56]} 19. Rd3 {[%clk 0:34:39]} Nc8
{[%clk 1:00:40]} 20. Rcd1 {[%clk 0:32:26]} Qh4 {[%clk 0:56:12]} 21. Bc3
{[%clk 0:20:30]} Nd6 {[%clk 0:53:18]} 22. Re3 {[%clk 0:18:05]} Qg5
{[%clk 0:49:22]} 23. Rg3 {[%clk 0:17:44]} Qh4 {[%clk 0:48:35]} 24. Re3
{[%clk 0:18:08]} Qg5 {[%clk 0:40:54]} 25. Rg3 {[%clk 0:18:33]} Qe7
{[%clk 0:40:58]} 26. Re3 {[%clk 0:14:54]} Qd7 {[%clk 0:40:58]} 27. Ba5
{[%clk 0:14:46]} Rb8 {[%clk 0:40:32]} 28. Bc3 {[%clk 0:14:55]} b5
{[%clk 0:37:33]} 29. Bc2 {[%clk 0:06:01]} b4 {[%clk 0:30:25]} 30. Bb2
{[%clk 0:05:43]} Rbd8 {[%clk 0:29:59]} 31. Bb1 {[%clk 0:04:09]} a5
{[%clk 0:27:55]} 32. a3 {[%clk 0:02:09]} Qa7 {[%clk 0:16:32]} 33. axb4
{[%clk 0:02:26]} axb4 {[%clk 0:16:59]} 34. g4 {[%clk 0:02:29]} hxg4
{[%clk 0:16:14]} 35. hxg4 {[%clk 0:02:57]} Qe7 {[%clk 0:14:59]} 36. Qf3
{[%clk 0:00:53]} c5 {[%clk 0:13:47]} 37. dxc5 {[%clk 0:00:52]} Nxc4
{[%clk 0:11:09]} 38. Rxd8 {[%clk 0:00:39]} Rxd8 {[%clk 0:11:37]} 39. Bxg7
{[%clk 0:00:35]} Nxe3 {[%clk 0:11:58]} 40. Bf6 {[%clk 0:30:33]} Qxf6
{[%clk 0:42:09]} 0-1

[Event "Ekstraliga 2019"]
[Site "Katowice"]
[Date "2019.08.30"]
[Round "3.25"]
[White "Heberla, Bartlomiej"]
[Black "Piorun, Kacper"]
[Result "1/2-1/2"]
[BlackElo "2660"]
[WhiteElo "2552"]
[WhiteTeam "Baszta MOS Znin"]
[BlackTeam "KSz Stilon Gorzow"]
[LiveChessVersion "1.4.8"]

1. d4 {[%clk 1:25:00]} Nf6 {[%clk 1:30:53]} 2. c4 {[%clk 1:25:25]} e6
{[%clk 1:31:15]} 3. Nc3 {[%clk 1:24:36]} Bb4 {[%clk 1:31:39]} 4. Bd2
{[%clk 1:23:00]} O-O {[%clk 1:27:11]} 5. Nf3 {[%clk 1:22:08]} c5 {[%clk 1:23:33]}
6. a3 {[%clk 1:21:28]} Bxc3 {[%clk 1:23:37]} 7. Bxc3 {[%clk 1:21:55]} Ne4
{[%clk 1:23:44]} 8. Rc1 {[%clk 1:22:11]} d6 {[%clk 1:18:19]} 9. e3
{[%clk 1:21:34]} Nxc3 {[%clk 1:14:44]} 10. Rxc3 {[%clk 1:21:01]} Qe7
{[%clk 1:15:10]} 11. b4 {[%clk 1:11:52]} b6 {[%clk 1:13:09]} 12. Be2
{[%clk 1:07:35]} Nd7 {[%clk 1:11:34]} 13. O-O {[%clk 1:07:20]} 1/2-1/2

[Event "Ekstraliga 2019"]
[Site "Katowice"]
[Date "2019.08.30"]
[Round "3.26"]
[White "Bluebaum, Matthias"]
[Black "Maksimenko, Andrei"]
[Result "1-0"]
[BlackElo "2468"]
[WhiteElo "2619"]
[WhiteTeam "KSz Stilon Gorzow"]
[BlackTeam "Baszta MOS Znin"]
[LiveChessVersion "1.4.8"]

1. d4 {[%clk 1:30:57]} d5 {[%clk 1:30:50]} 2. c4 {[%clk 1:31:22]} c6
{[%clk 1:31:15]} 3. Nc3 {[%clk 1:31:42]} Nf6 {[%clk 1:31:33]} 4. e3
{[%clk 1:32:00]} e6 {[%clk 1:31:44]} 5. Nf3 {[%clk 1:32:19]} a6 {[%clk 1:32:02]}
6. b3 {[%clk 1:32:17]} Bb4 {[%clk 1:31:44]} 7. Bd2 {[%clk 1:32:36]} Nbd7
{[%clk 1:31:10]} 8. Bd3 {[%clk 1:32:46]} O-O {[%clk 1:29:59]} 9. O-O
{[%clk 1:32:54]} Bd6 {[%clk 1:29:53]} 10. Re1 {[%clk 1:32:35]} dxc4
{[%clk 1:13:34]} 11. bxc4 {[%clk 1:31:43]} e5 {[%clk 1:13:58]} 12. c5
{[%clk 1:21:05]} Bc7 {[%clk 1:13:48]} 13. Qc2 {[%clk 1:21:19]} Re8
{[%clk 1:12:31]} 14. Rac1 {[%clk 1:06:16]} h6 {[%clk 1:07:20]} 15. h3
{[%clk 1:03:06]} exd4 {[%clk 0:53:49]} 16. exd4 {[%clk 1:03:10]} Rxe1+
{[%clk 0:53:32]} 17. Rxe1 {[%clk 1:03:22]} Nf8 {[%clk 0:53:51]} 18. Qb3
{[%clk 0:52:13]} Rb8 {[%clk 0:52:02]} 19. Bc4 {[%clk 0:52:03]} Be6
{[%clk 0:52:06]} 20. Be3 {[%clk 0:51:50]} Bxc4 {[%clk 0:40:17]} 21. Qxc4
{[%clk 0:49:57]} Ne6 {[%clk 0:40:00]} 22. Rd1 {[%clk 0:44:22]} Nd5
{[%clk 0:35:28]} 23. Nxd5 {[%clk 0:44:30]} Qxd5 {[%clk 0:35:43]} 24. Qxd5
{[%clk 0:43:58]} cxd5 {[%clk 0:36:10]} 25. Ne1 {[%clk 0:41:16]} b6
{[%clk 0:30:47]} 26. Nd3 {[%clk 0:37:04]} bxc5 {[%clk 0:30:49]} 27. dxc5
{[%clk 0:36:17]} Kf8 {[%clk 0:17:05]} 28. f4 {[%clk 0:26:41]} f5 {[%clk 0:12:39]}
29. Bd2 {[%clk 0:26:21]} a5 {[%clk 0:10:52]} 30. Kf2 {[%clk 0:21:56]} Rb5
{[%clk 0:07:45]} 31. Rc1 {[%clk 0:21:38]} h5 {[%clk 0:07:29]} 32. Kf3
{[%clk 0:19:07]} Nd4+ {[%clk 0:07:36]} 33. Ke3 {[%clk 0:19:33]} Ne6
{[%clk 0:05:48]} 34. Bc3 {[%clk 0:19:10]} Ke8 {[%clk 0:01:59]} 35. Kf3
{[%clk 0:15:21]} d4 {[%clk 0:00:41]} 36. Bd2 {[%clk 0:15:42]} Kd7
{[%clk 0:00:58]} 37. g4 {[%clk 0:14:53]} hxg4+ {[%clk 0:01:07]} 38. hxg4
{[%clk 0:15:22]} g6 {[%clk 0:00:56]} 39. c6+ {[%clk 0:15:04]} Ke7
{[%clk 0:00:38]} 40. Rh1 {[%clk 0:44:17]} fxg4+ {[%clk 0:30:35]} 41. Kxg4
{[%clk 0:44:45]} Rh5 {[%clk 0:26:40]} 42. Rxh5 {[%clk 0:42:47]} gxh5+
{[%clk 0:27:04]} 43. Kxh5 {[%clk 0:43:12]} Kf6 {[%clk 0:25:27]} 44. Kg4
{[%clk 0:38:28]} Nd8 {[%clk 0:25:19]} 45. f5 {[%clk 0:35:58]} Nxc6
{[%clk 0:25:35]} 46. Bg5+ {[%clk 0:36:26]} Kf7 {[%clk 0:25:27]} 47. Kf3
{[%clk 0:36:53]} Ne5+ {[%clk 0:17:32]} 48. Nxe5+ {[%clk 0:37:07]} Bxe5
{[%clk 0:17:58]} 49. a4 {[%clk 0:35:39]} Bf6 {[%clk 0:17:46]} 50. Bf4
{[%clk 0:33:23]} Bd8 {[%clk 0:13:14]} 51. Ke4 {[%clk 0:33:41]} Bb6
{[%clk 0:11:38]} 52. Bg5 {[%clk 0:32:58]} Kg7 {[%clk 0:10:57]} 53. Kd3
{[%clk 0:32:49]} Kf7 {[%clk 0:11:07]} 54. Kc4 {[%clk 0:33:01]} Kg7
{[%clk 0:10:29]} 55. Kb5 {[%clk 0:32:23]} Bc7 {[%clk 0:08:48]} 56. Kc6
{[%clk 0:32:04]} Bg3 {[%clk 0:07:47]} 57. Kd5 {[%clk 0:31:37]} Bf2
{[%clk 0:04:49]} 58. Ke4 {[%clk 0:31:00]} Kf7 {[%clk 0:00:44]} 59. Bd8
{[%clk 0:29:11]} 1-0

[Event "Ekstraliga 2019"]
[Site "Katowice"]
[Date "2019.08.31"]
[Round "4.1"]
[White "Mista, Aleksander"]
[Black "Piorun, Kacper"]
[Result "0-1"]
[BlackElo "2660"]
[WhiteElo "2599"]
[WhiteTeam "Wieza Pegow"]
[BlackTeam "KSz Stilon Gorzow"]
[LiveChessVersion "1.4.8"]

1. e4 {[%clk 1:30:57]} e5 {[%clk 1:29:36]} 2. Nf3 {[%clk 1:31:20]} Nc6
{[%clk 1:30:01]} 3. Bb5 {[%clk 1:31:46]} Nf6 {[%clk 1:30:24]} 4. O-O
{[%clk 1:28:20]} Nxe4 {[%clk 1:30:28]} 5. Re1 {[%clk 1:26:34]} Nd6
{[%clk 1:30:51]} 6. Nxe5 {[%clk 1:26:54]} Be7 {[%clk 1:31:12]} 7. Bf1
{[%clk 1:27:01]} Nxe5 {[%clk 1:30:44]} 8. Rxe5 {[%clk 1:26:49]} O-O
{[%clk 1:31:07]} 9. d4 {[%clk 1:25:45]} Ne8 {[%clk 1:31:05]} 10. c3
{[%clk 1:19:13]} d5 {[%clk 1:27:14]} 11. Qf3 {[%clk 1:16:07]} c6 {[%clk 1:22:39]}
12. Re1 {[%clk 1:07:47]} Nc7 {[%clk 1:18:19]} 13. Bd3 {[%clk 1:06:47]} Ne6
{[%clk 1:16:43]} 14. Nd2 {[%clk 1:05:53]} Bd6 {[%clk 1:10:46]} 15. Nf1
{[%clk 1:03:56]} f5 {[%clk 1:10:21]} 16. Qh3 {[%clk 0:21:54]} Qf6
{[%clk 1:08:10]} 17. g3 {[%clk 0:19:43]} Bd7 {[%clk 0:56:25]} 18. f4
{[%clk 0:19:42]} Rae8 {[%clk 0:54:16]} 19. Be3 {[%clk 0:19:47]} g5
{[%clk 0:51:43]} 20. fxg5 {[%clk 0:17:34]} Nxg5 {[%clk 0:52:09]} 21. Bxg5
{[%clk 0:17:47]} Qxg5 {[%clk 0:52:37]} 22. Qg2 {[%clk 0:13:51]} Kh8
{[%clk 0:49:37]} 23. Nd2 {[%clk 0:12:57]} f4 {[%clk 0:48:45]} 24. Nf3
{[%clk 0:13:21]} Qh5 {[%clk 0:47:13]} 25. Rxe8 {[%clk 0:10:48]} Rxe8
{[%clk 0:46:07]} 26. Re1 {[%clk 0:11:13]} Rxe1+ {[%clk 0:34:56]} 27. Nxe1
{[%clk 0:11:39]} fxg3 {[%clk 0:31:12]} 28. hxg3 {[%clk 0:12:06]} Qg5
{[%clk 0:31:30]} 29. Kf2 {[%clk 0:12:20]} Bg4 {[%clk 0:31:07]} 30. Qh1
{[%clk 0:09:40]} Qd2+ {[%clk 0:28:57]} 31. Kf1 {[%clk 0:10:02]} h5
{[%clk 0:29:00]} 32. Qg2 {[%clk 0:09:42]} Qe3 {[%clk 0:28:59]} 33. Qf2
{[%clk 0:05:25]} Bh3+ {[%clk 0:29:22]} 34. Kg1 {[%clk 0:05:52]} Qxg3+
{[%clk 0:29:38]} 35. Qxg3 {[%clk 0:06:15]} Bxg3 {[%clk 0:30:03]} 36. Nc2
{[%clk 0:04:29]} Kg7 {[%clk 0:29:37]} 37. Ne3 {[%clk 0:04:07]} Kf6
{[%clk 0:28:42]} 38. a4 {[%clk 0:04:01]} Kg5 {[%clk 0:26:14]} 39. Ng2
{[%clk 0:04:15]} Bf5 {[%clk 0:25:40]} 40. Bf1 {[%clk 0:34:15]} h4
{[%clk 0:54:51]} 41. Ne3 {[%clk 0:34:39]} Be6 {[%clk 0:54:54]} 0-1

[Event "Ekstraliga 2019"]
[Site "Katowice"]
[Date "2019.08.31"]
[Round "4.2"]
[White "Bluebaum, Matthias"]
[Black "Moranda, Wojciech"]
[Result "1/2-1/2"]
[BlackElo "2597"]
[WhiteElo "2619"]
[WhiteTeam "KSz Stilon Gorzow"]
[BlackTeam "Wieza Pegow"]
[LiveChessVersion "1.4.8"]

1. d4 {[%clk 1:30:55]} Nf6 {[%clk 1:30:53]} 2. c4 {[%clk 1:31:21]} e5
{[%clk 1:31:07]} 3. dxe5 {[%clk 1:31:06]} Ng4 {[%clk 1:31:20]} 4. Bf4
{[%clk 1:28:43]} Nc6 {[%clk 1:31:23]} 5. Nf3 {[%clk 1:29:03]} Bb4+
{[%clk 1:31:42]} 6. Nbd2 {[%clk 1:29:18]} Qe7 {[%clk 1:31:56]} 7. e3
{[%clk 1:29:15]} Ngxe5 {[%clk 1:32:14]} 8. Nxe5 {[%clk 1:29:41]} Nxe5
{[%clk 1:32:33]} 9. Be2 {[%clk 1:29:53]} d6 {[%clk 1:32:45]} 10. O-O
{[%clk 1:28:41]} a5 {[%clk 1:32:39]} 11. Nb3 {[%clk 1:21:17]} a4 {[%clk 1:31:55]}
12. a3 {[%clk 1:20:42]} Bc3 {[%clk 1:31:52]} 13. Qc2 {[%clk 1:09:27]} Bxb2
{[%clk 1:29:53]} 14. Qxb2 {[%clk 1:09:46]} axb3 {[%clk 1:30:14]} 15. c5
{[%clk 1:02:05]} Be6 {[%clk 1:30:08]} 16. cxd6 {[%clk 1:01:25]} cxd6
{[%clk 1:29:41]} 17. Bxe5 {[%clk 0:55:17]} dxe5 {[%clk 1:25:49]} 18. Bd1
{[%clk 0:50:26]} Bc4 {[%clk 1:07:38]} 1/2-1/2

[Event "Ekstraliga 2019"]
[Site "Katowice"]
[Date "2019.08.31"]
[Round "4.5"]
[White "Plat, Vojtech"]
[Black "Tomczak, Mikolaj"]
[Result "1/2-1/2"]
[BlackElo "2432"]
[WhiteElo "2561"]
[WhiteTeam "Wieza Pegow"]
[BlackTeam "KSz Stilon Gorzow"]
[LiveChessVersion "1.4.8"]

1. c4 {[%clk 1:30:51]} Nf6 {[%clk 1:30:45]} 2. Nc3 {[%clk 1:31:17]} c5
{[%clk 1:30:37]} 3. g3 {[%clk 1:31:23]} g6 {[%clk 1:30:36]} 4. Bg2
{[%clk 1:31:48]} Bg7 {[%clk 1:30:59]} 5. Nf3 {[%clk 1:32:12]} d5 {[%clk 1:30:54]}
6. cxd5 {[%clk 1:32:29]} Nxd5 {[%clk 1:31:20]} 7. O-O {[%clk 1:30:53]} Nc6
{[%clk 1:31:06]} 8. Qb3 {[%clk 1:29:49]} Nc7 {[%clk 1:25:32]} 9. d3
{[%clk 1:29:21]} O-O {[%clk 1:25:24]} 10. Ne4 {[%clk 1:28:50]} b6
{[%clk 1:21:37]} 11. h4 {[%clk 1:11:38]} Be6 {[%clk 1:15:38]} 12. Qa4
{[%clk 1:11:05]} Qd7 {[%clk 1:12:20]} 13. Nfg5 {[%clk 0:58:27]} Nd4
{[%clk 1:09:57]} 14. Qd1 {[%clk 0:58:55]} Bg4 {[%clk 0:57:37]} 15. f3
{[%clk 0:54:49]} Bf5 {[%clk 0:56:43]} 16. Nf2 {[%clk 0:54:36]} h6
{[%clk 0:55:49]} 17. Ngh3 {[%clk 0:54:47]} Rad8 {[%clk 0:49:20]} 18. g4 1/2-1/2

[Event "Ekstraliga 2019"]
[Site "Katowice"]
[Date "2019.08.31"]
[Round "4.7"]
[White "Harikrishna, Pentala"]
[Black "Heberla, Bartlomiej"]
[Result "1-0"]
[BlackElo "2552"]
[WhiteElo "2738"]
[WhiteTeam "VOTUM SA Polonia Wroclaw"]
[BlackTeam "Baszta MOS Znin"]
[LiveChessVersion "1.4.8"]

1. d4 {[%clk 1:30:54]} d5 {[%clk 1:28:43]} 2. c4 {[%clk 1:31:10]} e6
{[%clk 1:29:10]} 3. Nc3 {[%clk 1:31:02]} a6 {[%clk 1:29:07]} 4. cxd5
{[%clk 1:30:43]} exd5 {[%clk 1:29:33]} 5. Bf4 {[%clk 1:30:52]} Nf6
{[%clk 1:29:25]} 6. e3 {[%clk 1:30:39]} Bd6 {[%clk 1:29:23]} 7. Bg5
{[%clk 1:27:19]} c6 {[%clk 1:27:03]} 8. Bd3 {[%clk 1:27:22]} O-O {[%clk 1:27:27]}
9. Nge2 {[%clk 1:25:37]} Re8 {[%clk 1:24:27]} 10. Qc2 {[%clk 1:22:02]} h6
{[%clk 1:24:54]} 11. Bh4 {[%clk 1:20:22]} Nbd7 {[%clk 1:25:09]} 12. h3
{[%clk 1:18:30]} b5 {[%clk 1:19:48]} 13. O-O {[%clk 1:16:28]} Bb7
{[%clk 1:20:09]} 14. Rad1 {[%clk 1:09:17]} Qc7 {[%clk 1:11:03]} 15. Bf5
{[%clk 1:04:45]} Rab8 {[%clk 0:56:02]} 16. Rc1 {[%clk 1:01:18]} Ba8
{[%clk 0:49:16]} 17. Rfd1 {[%clk 0:53:02]} Qb7 {[%clk 0:40:32]} 18. Bg3
{[%clk 0:51:17]} Bxg3 {[%clk 0:38:24]} 19. Nxg3 {[%clk 0:51:39]} Nf8
{[%clk 0:18:15]} 20. Nb1 {[%clk 0:47:30]} g6 {[%clk 0:18:06]} 21. Bd3
{[%clk 0:47:50]} Ne6 {[%clk 0:17:04]} 22. Nd2 {[%clk 0:45:50]} Rbc8
{[%clk 0:14:09]} 23. Nb3 {[%clk 0:38:42]} h5 {[%clk 0:14:03]} 24. Nc5
{[%clk 0:36:00]} Nxc5 {[%clk 0:12:39]} 25. Qxc5 {[%clk 0:35:54]} Nd7
{[%clk 0:10:14]} 26. Qc2 {[%clk 0:34:10]} h4 {[%clk 0:07:11]} 27. Ne2
{[%clk 0:31:23]} c5 {[%clk 0:06:31]} 28. Bxg6 {[%clk 0:30:59]} fxg6
{[%clk 0:06:45]} 29. Qxg6+ {[%clk 0:31:07]} Kh8 {[%clk 0:06:19]} 30. dxc5
{[%clk 0:25:32]} Ne5 {[%clk 0:06:07]} 31. Qf6+ {[%clk 0:25:16]} Kg8
{[%clk 0:05:58]} 32. Qxh4 {[%clk 0:21:29]} Qg7 {[%clk 0:05:03]} 33. Qg3
{[%clk 0:20:50]} Nd7 {[%clk 0:03:57]} 34. b4 {[%clk 0:18:18]} Ne5
{[%clk 0:03:54]} 35. Qxg7+ {[%clk 0:17:29]} Kxg7 {[%clk 0:04:22]} 36. Nd4
{[%clk 0:17:48]} Kf6 {[%clk 0:04:44]} 37. a4 {[%clk 0:17:51]} bxa4
{[%clk 0:04:11]} 38. Ra1 {[%clk 0:18:13]} Bc6 {[%clk 0:03:46]} 39. Nxc6
{[%clk 0:18:26]} Nxc6 {[%clk 0:01:42]} 40. Rxa4 {[%clk 0:46:45]} Ke5
{[%clk 0:30:43]} 41. Rxa6 {[%clk 0:43:13]} Nxb4 {[%clk 0:28:41]} 42. f4+
{[%clk 0:41:31]} Kf5 {[%clk 0:29:07]} 43. g4+ {[%clk 0:40:53]} Ke4
{[%clk 0:29:31]} 44. Ra4 {[%clk 0:40:53]} Kf3 {[%clk 0:28:22]} 45. Rxb4
{[%clk 0:41:08]} Rxc5 {[%clk 0:28:31]} 46. Rb2 {[%clk 0:37:09]} Rxe3
{[%clk 0:17:15]} 47. f5 {[%clk 0:36:26]} Ke4 {[%clk 0:08:06]} 48. f6
{[%clk 0:35:21]} Rc8 {[%clk 0:08:18]} 49. f7 {[%clk 0:33:21]} Rf8
{[%clk 0:08:16]} 50. Rf1 {[%clk 0:31:50]} 1-0

[Event "Ekstraliga 2019"]
[Site "Katowice"]
[Date "2019.08.31"]
[Round "4.8"]
[White "Maksimenko, Andrei"]
[Black "Bartel, Mateusz"]
[Result "1/2-1/2"]
[BlackElo "2612"]
[WhiteElo "2468"]
[WhiteTeam "Baszta MOS Znin"]
[BlackTeam "VOTUM SA Polonia Wroclaw"]
[LiveChessVersion "1.4.8"]

1. d4 {[%clk 1:30:58]} Nf6 {[%clk 1:30:49]} 2. c4 {[%clk 1:31:15]} e6
{[%clk 1:31:14]} 3. Nf3 {[%clk 1:31:20]} b6 {[%clk 1:31:39]} 4. g3
{[%clk 1:30:57]} Bb7 {[%clk 1:31:39]} 5. Bg2 {[%clk 1:31:21]} g6 {[%clk 1:32:03]}
6. O-O {[%clk 1:31:33]} Bg7 {[%clk 1:32:19]} 7. b3 {[%clk 1:30:03]} O-O
{[%clk 1:32:30]} 8. Bb2 {[%clk 1:30:27]} a5 {[%clk 1:29:30]} 9. Nc3
{[%clk 1:29:10]} Ne4 {[%clk 1:28:32]} 10. Qc2 {[%clk 1:23:05]} Nxc3
{[%clk 1:28:26]} 11. Bxc3 {[%clk 1:23:23]} d5 {[%clk 1:28:45]} 12. Rac1
{[%clk 1:16:16]} Nd7 {[%clk 1:23:49]} 13. Rfd1 {[%clk 1:12:08]} Qe7
{[%clk 1:19:37]} 14. Ne1 {[%clk 1:05:16]} f5 {[%clk 1:14:40]} 15. Nd3
{[%clk 1:04:02]} c6 {[%clk 1:15:05]} 16. cxd5 {[%clk 0:58:36]} cxd5
{[%clk 1:08:02]} 17. Bb2 {[%clk 0:47:14]} Rfc8 {[%clk 1:06:07]} 18. Qd2
{[%clk 0:47:21]} Bf8 {[%clk 0:59:57]} 19. Bf1 {[%clk 0:43:28]} Qe8
{[%clk 0:56:34]} 20. Rxc8 {[%clk 0:38:18]} Rxc8 {[%clk 0:56:55]} 21. Rc1
{[%clk 0:38:43]} Bd6 {[%clk 0:56:41]} 22. Ne5 {[%clk 0:29:04]} Nxe5
{[%clk 0:54:02]} 23. Rxc8 {[%clk 0:22:48]} Nf3+ {[%clk 0:47:57]} 24. exf3
{[%clk 0:23:15]} Qxc8 {[%clk 0:48:18]} 25. Bb5 {[%clk 0:19:27]} Bc6
{[%clk 0:38:15]} 1/2-1/2

[Event "Ekstraliga 2019"]
[Site "Katowice"]
[Date "2019.08.31"]
[Round "4.13"]
[White "Wojtaszek, Radoslaw"]
[Black "Brodowski, Piotr"]
[Result "1-0"]
[BlackElo "2430"]
[WhiteElo "2739"]
[WhiteTeam "Wasko HETMAN GKS Katowice"]
[BlackTeam "Bialy Krol Wisznia Mala"]
[LiveChessVersion "1.4.8"]

1. d4 {[%clk 1:30:57]} g6 {[%clk 1:30:42]} 2. c4 {[%clk 1:31:20]} Bg7
{[%clk 1:31:06]} 3. e4 {[%clk 1:31:40]} d6 {[%clk 1:29:27]} 4. Nc3
{[%clk 1:32:01]} Nc6 {[%clk 1:28:58]} 5. d5 {[%clk 1:29:27]} Nd4 {[%clk 1:26:37]}
6. Be3 {[%clk 1:29:39]} e5 {[%clk 1:25:00]} 7. Nge2 {[%clk 1:26:14]} Nxe2
{[%clk 1:12:35]} 8. Bxe2 {[%clk 1:26:36]} Ne7 {[%clk 1:06:59]} 9. c5
{[%clk 1:24:42]} dxc5 {[%clk 1:01:49]} 10. Bxc5 {[%clk 1:23:53]} O-O
{[%clk 1:01:07]} 11. O-O {[%clk 1:21:32]} b6 {[%clk 1:00:11]} 12. Ba3
{[%clk 1:19:59]} Bb7 {[%clk 0:54:04]} 13. Nb5 {[%clk 1:12:28]} Bh6
{[%clk 0:46:08]} 14. Qc2 {[%clk 1:05:30]} c5 {[%clk 0:30:59]} 15. dxc6
{[%clk 1:05:34]} Nxc6 {[%clk 0:31:25]} 16. Rad1 {[%clk 1:04:08]} Nd4
{[%clk 0:31:36]} 17. Nxd4 {[%clk 1:04:22]} exd4 {[%clk 0:32:02]} 18. Bxf8
{[%clk 1:04:45]} Bxf8 {[%clk 0:32:09]} 19. Bc4 {[%clk 1:02:46]} Rc8
{[%clk 0:29:09]} 20. Qd3 {[%clk 1:02:41]} Qh4 {[%clk 0:27:19]} 21. Qxd4
{[%clk 1:00:15]} Qxe4 {[%clk 0:25:23]} 22. Qxe4 {[%clk 0:59:47]} Bxe4
{[%clk 0:25:49]} 23. Rd4 {[%clk 0:57:24]} Bf5 {[%clk 0:25:40]} 24. Rfd1
{[%clk 0:57:43]} Rc7 {[%clk 0:25:53]} 25. g4 {[%clk 0:55:21]} Bc8
{[%clk 0:25:45]} 26. b3 {[%clk 0:52:18]} Bc5 {[%clk 0:24:02]} 27. Rd8+
{[%clk 0:51:34]} Kg7 {[%clk 0:24:26]} 28. h3 {[%clk 0:50:47]} h5 {[%clk 0:23:25]}
29. gxh5 {[%clk 0:50:25]} Bxh3 {[%clk 0:22:36]} 30. hxg6 {[%clk 0:50:29]} Kxg6
{[%clk 0:22:58]} 31. R1d3 {[%clk 0:50:18]} Bf5 {[%clk 0:17:36]} 32. Rg3+
{[%clk 0:48:37]} Kf6 {[%clk 0:17:52]} 33. Rf3 {[%clk 0:45:51]} Ke7
{[%clk 0:13:57]} 34. Rh8 {[%clk 0:44:38]} Be6 {[%clk 0:13:57]} 35. Bxe6
{[%clk 0:44:58]} Kxe6 {[%clk 0:14:22]} 36. Rh6+ {[%clk 0:45:22]} Ke7
{[%clk 0:14:44]} 37. Rxf7+ {[%clk 0:45:38]} 1-0

[Event "Ekstraliga 2019"]
[Site "Katowice"]
[Date "2019.08.31"]
[Round "4.15"]
[White "Socko, Bartosz"]
[Black "Luch, Michal"]
[Result "1/2-1/2"]
[BlackElo "2393"]
[WhiteElo "2625"]
[WhiteTeam "Wasko HETMAN GKS Katowice"]
[BlackTeam "Bialy Krol Wisznia Mala"]
[LiveChessVersion "1.4.8"]

1. c4 {[%clk 1:30:58]} e5 {[%clk 1:27:32]} 2. g3 {[%clk 1:31:21]} Nf6
{[%clk 1:24:38]} 3. Bg2 {[%clk 1:31:39]} c6 {[%clk 1:23:43]} 4. d4
{[%clk 1:30:46]} exd4 {[%clk 1:24:02]} 5. Qxd4 {[%clk 1:31:09]} d5
{[%clk 1:23:13]} 6. Nf3 {[%clk 1:31:18]} dxc4 {[%clk 1:21:39]} 7. Qxc4
{[%clk 1:31:39]} Be6 {[%clk 1:20:07]} 8. Qa4 {[%clk 1:30:10]} Qb6
{[%clk 1:09:34]} 9. O-O {[%clk 1:29:42]} Bc5 {[%clk 1:09:54]} 10. Nc3
{[%clk 1:27:19]} O-O {[%clk 1:06:36]} 11. Ng5 {[%clk 1:25:41]} Nbd7
{[%clk 1:00:04]} 12. Nxe6 {[%clk 1:13:49]} fxe6 {[%clk 1:00:32]} 13. e3
{[%clk 1:12:54]} Rae8 {[%clk 0:48:52]} 14. Qc2 {[%clk 1:11:55]} Bb4
{[%clk 0:46:51]} 15. Bd2 {[%clk 1:02:40]} Nd5 {[%clk 0:40:26]} 16. Rac1
{[%clk 1:02:27]} Nxc3 {[%clk 0:39:58]} 17. Bxc3 {[%clk 0:59:12]} Bxc3
{[%clk 0:37:33]} 18. Qxc3 {[%clk 0:59:32]} Nf6 {[%clk 0:37:13]} 19. Qa3
{[%clk 0:57:11]} Nd5 {[%clk 0:25:24]} 20. Rc4 {[%clk 0:57:02]} Rd8
{[%clk 0:24:38]} 21. Rd4 {[%clk 0:48:37]} e5 {[%clk 0:13:38]} 22. Rd3
{[%clk 0:44:37]} Nb4 {[%clk 0:12:26]} 23. Qb3+ {[%clk 0:44:18]} Kh8
{[%clk 0:12:28]} 24. Rdd1 {[%clk 0:41:52]} Nd5 {[%clk 0:11:07]} 25. Qc4
{[%clk 0:38:10]} Qxb2 {[%clk 0:05:07]} 26. Rb1 {[%clk 0:37:25]} b5
{[%clk 0:04:27]} 27. Qxc6 {[%clk 0:36:53]} Qxa2 {[%clk 0:04:51]} 28. Rxb5
{[%clk 0:35:21]} Nf6 {[%clk 0:04:59]} 29. Rxe5 {[%clk 0:28:11]} Ng4
{[%clk 0:04:46]} 30. Qe6 {[%clk 0:28:22]} Rxf2 {[%clk 0:04:23]} 31. Qe8+
{[%clk 0:18:54]} Qg8 {[%clk 0:04:50]} 32. Qxg8+ {[%clk 0:19:16]} Kxg8
{[%clk 0:04:59]} 33. Re7 {[%clk 0:19:19]} Rxf1+ {[%clk 0:03:28]} 34. Bxf1
{[%clk 0:19:43]} Rd1 {[%clk 0:01:28]} 35. h3 {[%clk 0:18:20]} Nh2
{[%clk 0:01:31]} 36. Kxh2 {[%clk 0:18:16]} Rxf1 {[%clk 0:01:59]} 37. Rxa7
{[%clk 0:16:58]} Rf2+ {[%clk 0:02:24]} 38. Kg1 {[%clk 0:17:07]} Rf3
{[%clk 0:02:51]} 39. Ra8+ {[%clk 0:17:10]} Kf7 {[%clk 0:03:13]} 40. Ra7+
{[%clk 0:47:34]} Kf6 {[%clk 0:32:51]} 41. Ra6+ {[%clk 0:47:38]} Kf7
{[%clk 0:32:55]} 42. Ra7+ {[%clk 0:48:03]} 1/2-1/2